Spiced, smoked, pickled, preserved : (Record no. 180824)

MARC details
000 -LEADER
fixed length control field 00649nam a22001937a 4500
005 - DATE AND TIME OF LATEST TRANSACTION
control field 20210819123028.0
010 ## - LCCN (DPL NO)
LC control number ENG-129758
020 ## - INTERNATIONAL STANDARD BOOK NUMBER
Terms of availability 550.00
International Standard Book Number 978-93-89253-93-1
035 ## - SYSTEM CONTROL NUMBER
System control number EN-113290
037 ## - SOURCE OF ACQUISITION
Source of stock number/acquisition DBAD/PUB
082 ## - DEWEY DECIMAL CLASSIFICATION NUMBER
Classification number 641.58
100 ## - MAIN ENTRY--PERSONAL NAME
Personal name Ghose, Indranee
245 ## - TITLE STATEMENT
Title Spiced, smoked, pickled, preserved :
Statement of responsibility, etc Indranee Ghose
Remainder of title Recipes and Reminiscences from India's Eastern Hills
250 ## - EDITION STATEMENT
Edition statement 2021
260 ## - PUBLICATION, DISTRIBUTION, ETC. (IMPRINT)
Place of publication, distribution, etc Gurugram
Name of publisher, distributor, etc Hachette Book Publishing
Date of publication, distribution, etc 2021
270 ## - ADDRESS
City Gurugram
Address 4th and 5th Floors, Corporate Centre, Plot No. 94, Sector 44
Postal code 122003
300 ## - PHYSICAL DESCRIPTION
Extent 210p.
Dimensions 21cm (pbk)
942 ## - ADDED ENTRY ELEMENTS (KOHA)
Source of classification or shelving scheme Dewey Decimal Classification
Item type English Books
Call number prefix GHO
Classification part 641.58
Holdings
Withdrawn status Lost status Not for loan Collection code Home library Current library Date acquired Source of acquisition Cost, normal purchase price Full call number Barcode Copy number Cost, replacement price Koha item type
      Non-fiction Sarojini Nagar Sarojini Nagar 19/08/2021 DBAD/PUB 550.00 641.58 EN-113290 1 550.00 English Books

© Delhi Public Library
Hit Counter
free hit counter